El Senglar : impacte i precaucions / Xarxa de Parcs Naturals impacte i precaucions / Xarxa de Parcs Naturals
Publicado:
Barcelona :
Diputació de Barcelona. Àrea d'Espais Naturals. Xarxa de Parcs Naturals ,
2010
Descripción Física:
1 f. plegat en 4 parts : il. col. ; 21 cm
Colección:
Protecció del Medi
MARC
| LEADER | 00000nam a2200000Ia 4500 | ||
|---|---|---|---|
| 001 | 23009 | ||
| 003 | AGDB | ||
| 005 | 20260324175740.0 | ||
| 008 | 160829s2010 xx 000 0 cat d | ||
| 080 | |a FU-59-12 | ||
| 110 | 1 | |a Barcelona (Catalunya : Província). |b Xarxa de Parcs Naturals |9 7250 | |
| 245 | |a El Senglar : |b impacte i precaucions / Xarxa de Parcs Naturals | ||
| 260 | |a Barcelona : |b Diputació de Barcelona. Àrea d'Espais Naturals. Xarxa de Parcs Naturals, |c 2010 | ||
| 300 | |a 1 f. plegat en 4 parts : |b il. col. ; |c 21 cm | ||
| 490 | |a Protecció del Medi | ||
| 650 | 0 | |a Senglar |z Barcelona (Catalunya : Província) |9 39875 | |
| 650 | 0 | |a Senglar |9 55970 |x Control biològic | |
| 655 | 0 | |a Fulletons |9 55858 | |
| 710 | |a Barcelona (Catalunya : Província). |b Àrea d'Espais Naturals |9 9050 | ||
| 901 | |a Arxiu | ||
| 942 | |n 1 |2 udc |c ARXIU | ||
| 952 | |0 0 |1 0 |4 0 |6 FU5912 |7 1 |9 49289 |a Arxiu |b Arxiu |d 2016-12-01 |l 0 |o FU-59-12 |p 23009 |r 2016-12-01 00:00:00 |w 2016-12-01 |y ARXIU | ||
| 999 | |c 53131 |d 53131 | ||